000 00461nam a22001577a 4500
003 NUST
038 _aNusrat Nadeem
082 _a200
100 _aAdnan
_929039
245 _aGlobal Oil Supply Chain and its impact on Pakistan/
_cAdnan
264 _aIslamabad:
_bNBS NUST.
_c2025.
650 _aExecutive MBA 
_9125080
700 _aSupervisor: Dr. Lubaba Sadaf
_9120128
856 _u http://10.250.8.41:8080/xmlui/handle/123456789/56844
942 _2ddc
_cSC
999 _c615488
_d615488